| 000 | 00708nam a2200181 a 4500 | ||
|---|---|---|---|
| 001 | 000001095 | ||
| 005 | 20200929145457.0 | ||
| 008 | 860606s1984 pe a b 000 0 spa | ||
| 040 |
_aDO-SdBNP _bspa _cBNPHU |
||
| 082 |
_a332.04298 _bG873i |
||
| 100 | 1 |
_aGriffith-Jones, Stephany. _93745 |
|
| 240 | 1 | 0 |
_aInternational finance and Latin America. _lEspañol |
| 245 | 1 | 0 |
_aFinanzas internacionales y Latinoamérica : _bpasado y futuro / _cStephany Griffith-Jones. |
| 260 |
_aLima : _bAsociación Latinoamericana de Instituciones Financieras de Desarrollo, _c1984. |
||
| 300 |
_a194 p. : _bil. ; _c24 cm. |
||
| 650 | 4 |
_aFinanzas internacionales _zAmérica Latina _93746 |
|
| 650 | 4 |
_aDeudas externa _zAmérica Latina _93747 |
|
| 999 |
_c1054 _d1054 |
||